00552 2200205 4500001002100000005001500021035002000036007000300056008004100059020001500100082001000115084001600125100002000141245007600161250001100237260003700248300004100285650001200326990000800338INLIS00000000001447420220824090411 a0010-0822000513ta220824 g 0 ind  a9799051592 a153.1 a153.1 DEA m0 aDEASY, harianti1 aMetode jitu meningkatkan daya ingat :b(memory power) /cDeasy Harianti acet. 1 aJakarta :bTangga Pustaka,c2008 aviii, 106 hlm :bZan's Sket ;c23 cm 4aIngatan a116